Paroles - Il pleure dans mon coeur, Paul Verlaine - Statistiques

Statistiques générales
  • Ce quiz a été pris 15 fois
  • Le résultat moyen est 14 sur 19
Statistiques - réponses
Réponse Réponse Réponse Réponse Réponse % Correct
coeur la Il la
92%
la sur ce pourquoi
92%
mon de pluie ! bien
83%
dans doux la C'est
83%
coeur ? le est tant
83%
Il Ô chant sans de
83%
mon Ô deuil a
83%
comme pluie pleure pire
83%
pleure bruit de raison. peine !
75%
langueur coeur Nulle haine
75%
sur et dans savoir
75%
qui qui trahison ?... mon
75%
Quelle toits ! qui amour
75%
cette un Quoi ! sans
75%
il par sans de
67%
est Pour s'écoeure. et
67%
pleut terre raison ne
67%
pénètre s'ennuie, Ce coeur
58%
ville ; les coeur sans
8%
Aucun quiz correspondant
Distribution des résultats
% des personnes avec chaque résultat
Percentile par nombre de réponses
Votre historique - résultats
Vous n’avez pas pris ce quiz